Ekonomika Afganistanu v 21. storočí – realita, problémy a perspektívy

Osobitosti doterajšieho ekonomického vývoja Afganistanu a jeho ďalšia perspektíva. Zapojenie Afganistanu do globálnej ekonomiky. Nástup Talibanu a menová stabilita. Zahraničná finančná pomoc.

Gespeichert in:
Bibliographische Detailangaben
1. Verfasser: Lipková, Ľudmila
Format: Buchkapitel
Sprache:Slowakisch
Schlagworte:
Tags: Tag hinzufügen
Keine Tags, Fügen Sie das erste Tag hinzu!

MARC

LEADER 00000naa a2200000 4500
001 0280566
005 20240502074344.5
041 0 |a slo 
044 |a SK 
245 1 0 |a Ekonomika Afganistanu v 21. storočí – realita, problémy a perspektívy  |c Ľudmila Lipková 
520 |a Osobitosti doterajšieho ekonomického vývoja Afganistanu a jeho ďalšia perspektíva. Zapojenie Afganistanu do globálnej ekonomiky. Nástup Talibanu a menová stabilita. Zahraničná finančná pomoc. 
610 2 0 |a vývoj hospodársky 
610 2 0 |a poľnohospodárstvo 
610 2 0 |a priemysel 
610 2 0 |a pomoc finančná 
610 2 0 |a pomoc zahraničná 
610 2 0 |a Afganistan 
100 1 |a Lipková, Ľudmila